Unmanned aviation : a brief history of unmanned aerial vehicles /

Bibliographic Details
Main Author: Newcome, Laurence R.
Format: Book
Language:English
Published: Reston, Va. : American Institute of Aeronautics and Astronautics, [2004]
Subjects:
Online Access:Table of contents

MARC

Tag First Indicator Second Indicator Subfields
LEADER 00000cam a22000004a 4500
001 in00002038024
005 20151101050535.0
008 040428s2004 vauab b 001 0 eng
010 |a  2004009916 
015 |a GBA4-Y0116 
020 |a 1563476444 
035 |a (OCoLC)ocm55078813 
040 |a DLC  |c DLC  |d UKM  |d C#P  |d OCLCQ  |d UtOrBLW 
042 |a pcc 
049 |a TXAM 
050 0 0 |a UG1242.D7  |b N48 2004 
082 0 0 |a 623.74/69/0973  |2 22 
100 1 |a Newcome, Laurence R. 
245 1 0 |a Unmanned aviation :  |b a brief history of unmanned aerial vehicles /  |c Laurence R. Newcome. 
264 1 |a Reston, Va. :  |b American Institute of Aeronautics and Astronautics,  |c [2004] 
264 4 |c ©2004 
300 |a vii, 172 pages :  |b illustrations, maps ;  |c 23 cm. 
336 |a text  |b txt  |2 rdacontent 
337 |a unmediated  |b n  |2 rdamedia 
338 |a volume  |b nc  |2 rdacarrier 
504 |a Includes bibliographical references (pages 159-160) and index. 
650 0 |a Drone aircraft  |x History. 
856 4 1 |3 Table of contents  |u http://www.loc.gov/catdir/toc/ecip0417/2004009916.html  |t 0 
948 |a cataloged  |b h  |c 2005/5/11  |d c  |e ceaton  |f 11:34:12 am 
994 |a C0  |b TXA 
999 |a MARS 
999 f f |s 9420e322-c2ab-3280-b539-62fc1b74a7a7  |i 2209c504-2ea9-3bf9-8631-12690c10eda1  |t 0 
952 f f |p normal  |a Texas A&M University  |b College Station  |c Sterling C. Evans Library  |d Evans: Library Stacks  |t 0  |e UG1242.D7 N48 2004  |h Library of Congress classification  |i unmediated -- volume  |m A14833774009 
998 f f |a UG1242.D7 N48 2004  |t 0  |l Evans: Library Stacks